| 000 | 00537nam a2200181 i 4500 | ||
|---|---|---|---|
| 001 | 79891 | ||
| 003 | ES-MaACL | ||
| 005 | 20230906174056.0 | ||
| 007 | t| | ||
| 008 | 041025s1920 sp ||||1| spa d | ||
| 100 | 1 |
_aHesíodo. _963451 |
|
| 245 | 1 | 4 |
_aLos trabajos y los días / _cde Hesíodo ; primera versión por Miguel Jiménez Aquino. |
| 250 | _a2ª ed. | ||
| 260 |
_aMadrid : _b[s.n., _c1920] ( _fImp. Nieto y Cia) |
||
| 300 |
_a30 p. : _bil. ; _c20 cm. |
||
| 700 | 1 |
_aJiménez Aquino, Miguel. _966447 |
|
| 852 |
_aES-MaACL _jF-5132 |
||
| 999 |
_c79891 _d79891 |
||